| 000 | 00552nam a2200193Ia 4500 | ||
|---|---|---|---|
| 005 | 20250326143136.0 | ||
| 008 | 250326s9999 xx 000 0 und d | ||
| 020 | _a0-471-81785-6 | ||
| 037 | _aTextbook | ||
| 040 |
_aFMSL _beng _cFMSL |
||
| 041 |
_aeng _2eng |
||
| 084 |
_aX:99G M6 _qFMSL |
||
| 100 |
_aM Broadwell M _9747196 |
||
| 245 | 0 |
_aSupervising technical & professional people _cM Broadwell M |
|
| 260 |
_aNew York _bNew York, John Wiley & Sons _c1986 |
||
| 300 | _a300p | ||
| 942 |
_cTB _hX:99G M6 |
||
| 999 |
_c1298291 _d1298291 |
||